|
|
|
|
| LEADER |
00894cam a2200229 7i4500 |
| 001 |
0000022683 |
| 005 |
20180702090000.0 |
| 008 |
080611 eng |
| 020 |
|
|
|a 8120316185 (pbk.)
|
| 020 |
|
|
|a 9788120316188
|
| 090 |
0 |
0 |
|a TA1634
|b .C34 2007
|
| 100 |
1 |
|
|a Chanda, Bhabatosh
|
| 245 |
1 |
0 |
|a Digital image processing and analysis
|c Bhabatosh Chanda, Dwijesh Dutta Majumder.
|
| 260 |
|
|
|a New Delhi:
|b Prentice-Hall of India Pvt. Ltd.,
|c 2007.
|
| 300 |
|
|
|a xvii, 365 p.:
|b ill.;
|c 24 cm.
|
| 504 |
|
|
|a Includes bibliographical references and index
|
| 650 |
0 |
0 |
|a Computer vision
|
| 650 |
0 |
0 |
|a Image processing --
|x Digital techniques
|
| 700 |
1 |
|
|a Majumder, Dwijesh Dutta
|
| 997 |
|
|
|a Engineering & Life Sciences, Faculty
|b Engineering, Department
|
| 999 |
|
|
|a 0000031312
|b BOK
|c OPEN SHELF
|e 2nd Floor, Bestari Jaya
|
| 999 |
|
|
|a 0000041806
|b BOK
|c OPEN SHELF
|e 2nd Floor, Bestari Jaya
|